00401nam a22001097a 4500082002100000100002400021245013500045260004200180300001100222563000800233650005000241 a347.5491012bRAF aRafiq, Ch Muhammad  aAppeal, Revision and Review of the Judgments:b(Criminal & Civil) with all amendment and up to date case laws /cCh Muhammad Rafiq aLahore :bOmer Law Books House,cN.A. a882 p. aHB. aLaw, Appeal, Revision and Review of Judgments